000
00256nam a2200121Ia 4500
100
_a
Gross Charles A
942
_c
BK
654
_a
power
245
_a
Power system Analysis
260
_b
John Wiley
_a
New York
_c
1986
300
_a
444
546
_a
ENGLISH
999
_c
21765
_d
21765